zpět

Detail výsledku týmu

Bar U Souseda, Plzeň

Datum a čas kvízu

37 Celkem bodů Celkový počet nahraných bodů na tomto kvízu bez doplňovacích otázek.
4. Pořadí na kvízu Konečné umístění týmu na tomto kvízu.

Zaznamenané odpovědi

# Otázka Odpověď Body Výsledky
1. Ve středu ráno řidiči u silnic... klokan 1
2. Slovenská policie minulý týden... Robert Fico, Robert Kaliňák 0.5
3. V plzeňské katedrále sv. Barto... varhany 1
4. Jedna z českých nápojářských z... Kofola 1
5. Českým házenkářkám se povedl m... Francie 1
6. Tímto tématem navazujeme v naš... B 1
7. Na lícní straně dvacetikoruny... zahynout nám i budoucím 1
8. V loňském roce oslavila své dv... Met Gala 0
9. Protonové číslo dvacet má vápn... alabastr 1
10. Dne 13. prosince roku 1920 zal... Haribo 0